Prognostické faktory pri epidermoidnom karcinóme jazyka a spodiny ústnej dutiny

Bibliographic Details
Main Authors: Satko, Ivan, 1938-2011 (Author), Danko, J. (Author), Stanko, Peter, 1954- (Author)
Format: Article
Language:Slovak
PhysicalDescription:Tab. 3, res. angl., slov., lit. 7 zázn. v angl., češ., slov.
ISSN:1210-0447
Subjects:

MARC

LEADER 00000nab a2200000 a 4500
001 vtls000558800
003 SK-MaSNL
005 20260304083605.0
008 250425c1995 xo 0 slo
015 |a SNBRB19rr/mm-uuuuu 
035 |a CL0558938 
035 |a urn:nbn:sk:snk-abeci 
035 |a (urnnbn)urn:nbn:sk:snk:ar-a059du 
035 |a (uuid)fc60fc08-ef7f-487d-86f1-d81ca8072803 
040 |a SNKBUCL  |b slo  |c SNKBUCL  |e AACR2 
041 0 |a slo 
044 |a xo  |c SK 
080 |a 616.313-006.6  |2 1981 
080 |a 616.31-006.6  |2 1981 
100 1 |a Satko, Ivan,  |d 1938-2011  |4 aut  |9 196765 
245 1 0 |a Prognostické faktory pri epidermoidnom karcinóme jazyka a spodiny ústnej dutiny  |c Ivan Satko, J. Danko, Peter Stanko 
300 |b Tab. 3, res. angl., slov., lit. 7 zázn. v angl., češ., slov. 
650 0 7 |a spodina dutiny ústnej  |2 SNK  |9 1374551 
650 0 7 |a epidermoidný karcinóm  |2 SNK  |9 1244003 
650 0 7 |a jazyk (anatómia)  |2 SNKPH  |9 195269 
655 7 |a články z novín a časopisov  |2 SNK  |9 267496 
700 1 |a Danko, J.  |4 aut  |9 395400 
700 1 |a Stanko, Peter,  |d 1954-  |4 aut  |9 196740 
773 0 |t Choroby hlavy a krku  |g Roč. 4, č. 2 (1995), s. 8-10  |x 1210-0447 
850 |a Slovenská národná knižnica 
852 |a Slovenská národná knižnica 
954 |a odborná, vedecká literatúra pôvodná (slovenská)  |2 lita 
958 |a article27 
958 |a NB 
958 |a RK 
958 |a MI 
958 |a OND 
958 |a EUIPO 
992 |a RBX 
999 |c 2800913  |d 2802843